Sobre la toxicomania juvenil / Jordi Vila-Abadal i Vilaplana
Publicado:
[Barcelona] :
Diputació de Barcelona. Servei de Prevenció, Orientació i Teràpia per a Toxicòmans (S.P.O.T.T.) : Caixa de Barcelona. Obra Social, [1980]
Descripción Física:
18 p. ; 22 cm
MARC
| LEADER | 00000nam a2200000Ia 4500 | ||
|---|---|---|---|
| 001 | 16185 | ||
| 008 | 160829s9999 xx 000 0 cat d | ||
| 080 | |a FU-41-23 | ||
| 100 | |a Vila-Abadal i Vilaplana, Jordi |9 39172 | ||
| 245 | |a Sobre la toxicomania juvenil / Jordi Vila-Abadal i Vilaplana | ||
| 260 | |a [Barcelona] : |b Diputació de Barcelona. Servei de Prevenció, Orientació i Teràpia per a Toxicòmans (S.P.O.T.T.) : |b Caixa de Barcelona. Obra Social, [1980] | ||
| 300 | |a 18 p. ; |c 22 cm | ||
| 650 | |a Drogues i joventut |9 39173 | ||
| 650 | |a Joves |x Consum de drogues |9 39174 | ||
| 901 | |a Arxiu | ||
| 942 | |n 1 | ||
| 952 | |0 0 |1 0 |4 0 |6 FU4123 |7 1 |9 48846 |a Arxiu |b Arxiu |d 2016-12-01 |l 0 |o FU-41-23 |p 16185 |r 2016-12-01 00:00:00 |w 2016-12-01 |y ARXIU | ||
| 999 | |c 52681 |d 52681 | ||